| 000 | 00000nam 2200000zi 4500 |
| 001 | 9.941074 |
| 003 | CaOODSP |
| 005 | 20240725153438 |
| 006 | m o d f |
| 007 | cr |n||||||||| |
| 008 | 240725e201506##onc o f|0| 0 fre d |
| 040 | |aCaOODSP|bfre|erda|cCaOODSP |
| 043 | |an-cn--- |
| 086 | 1 |aIN4-57/2015F-PDF |
| 245 | 00|aRapport d’audit interne sur le Bureau de l’actuaire en chef : |bgestion de l’information et protection de la vie privée. |
| 246 | 37|aRapport d’audit sur le BAC |
| 264 | 1|a[Ottawa] : |bBureau du surintendant des institutions financières Canada = Office of the Superintendant of Financial Institutions Canada, |cjuin 2015. |
| 300 | |a1 ressource en ligne (13 pages) |
| 336 | |atexte|btxt|2rdacontent/fre |
| 337 | |ainformatique|bc|2rdamedia/fre |
| 338 | |aressource en ligne|bcr|2rdacarrier/fre |
| 500 | |aPublié aussi en anglais sous le titre : Internal audit report on Office of the Chief Actuary: information management and privacy. |
| 610 | 26|aBureau du surintendant des institutions financières Canada|xAudit. |
| 650 | 6|aGestion d'informations personnelles|zCanada|xAudit. |
| 710 | 2 |aBureau du surintendant des institutions financières Canada, |eorganisme de publication. |
| 775 | 08|tInternal audit report on Office of the Chief Actuary : |w(CaOODSP)9.940506 |
| 856 | 40|qPDF|s241 Ko|uhttps://publications.gc.ca/collections/collection_2024/bsif-osfi/IN4-57-2015-fra.pdf |